Регионална библиотека "Любен Каравелов" - Русе

Изкуството да казваш "не" с чиста съвест (Запис номер 176780)

MARC детайли
000 -Лидер
Контролно поле с фиксирана дължина 01732nam a2200409 c 4500
003 - Код на организацията, давaща контролен номер
Контролно поле BLK
005 - Дата и час на последна редакция
Контролно поле 20250724154952.0
008 - Елементи от данни с фиксирана дължина
fixed length control field 180411b bul|||||r ||||||| ||bul||
010 ## - Наследен системен номер
LC control number KNG00185408000
020 ## - Международен стандартен номер на книга ISBN
Международен стандартен номер на книга ISBN 9786191861248
040 ## - Източник на каталожния запис
Идентификатор на билиотеката - собственик на записа BLK
041 ## - Код за език
Код за езика на текст/звукозапис или на отделно заглавие Български
Код за езика КДБФ Български
072 #7 - Код за тематичната категория
Код организация bullib
Код за тематична категория Н37
Текст Образование. Педагогика Н
080 ## - УДК
Текстов определител УДК Възпитание у дома. Семейно възпитание
УДК код - определител по УДК 37.018.1
УДК - код + определител 37.018.1
080 ## - УДК
Текстов определител УДК Психология на детската възраст. Интелектуално развитие на децата. Психически особености. Детски представи, описани в разкази
УДК код - определител по УДК 159.922.7
УДК - код + определител 159.922.7
100 1# - Редна дума - Автор
Автор Юл, Йеспер
Авторска отговорност първи автор
R(LIN) 144911
139 ## - Редно поле
Редна дума Юл, Йеспер
Авторски знак Юл - Ю 20
245 10 - Сведения за заглавието
Заглавие Изкуството да казваш "не" с чиста съвест
Редно поле (дума) Йеспер Юл.
257 ## - Страна на издаване
Страна на създаване/издаване Дания
260 ## - Област на издателските данни
Име на издателя, разпространителя и проч. Жанет 45
Година на издаване 2015
Място на издаване, разпространение и проч. Пловдив
300 ## - Физическа характеристика
Страници 112 с.
Размери/Мащаб 21 см
380 ## - Жанр
Жанр Обществени науки
500 ## - Общи забележки
Забележка Ориг. загл.: Kunsten at sige nei - med god samvittighed / Jesper Juul
650 #4 - Допълнително описание по предмет – тема
Основно описание – тема или топоним Семейно възпитание
9 (RLIN) 263959
650 #4 - Допълнително описание по предмет – тема
Основно описание – тема или топоним Детска и педагогическа психология
9 (RLIN) 244538
653 ## - Ключова дума – ненормативна
Ключова дума семейно възпитание
653 ## - Ключова дума – ненормативна
Ключова дума детска психология
653 ## - Ключова дума – ненормативна
Ключова дума педагогическа психология
659 ## - Тематичен бюлетин
Тематичен бюлетин Н
852 ## - Местоположение
Форматна сигнатура Цб 278544
856 4# - Електронен адрес и достъп
Електронен формат pdf - файл
856 4# - Електронен адрес и достъп
Електронен формат pdf - файл
999 ## - СИСТЕМНИ КОНТРОЛНИ НОМЕРА
Koha biblionumber 176780
Koha biblioitemnumber 176780
942 ## - АРТИКУЛИ
Вид на библиотечния материал Книги
Скрит в OPAC Не
Периодичен библиозапис Да
Koha issues (borrowed), all copies 13
944 ## - СЪЗДАВАНЕ И РЕДАКЦИЯ на ЗАПИСА
Създаване/Редакция Създаване
Дата на регистрацията/редакция 09.12.2015
Служител, извършил регистрацията/редакцията 30531
Статус, дата на статуса Цветелина Шанова
944 ## - СЪЗДАВАНЕ И РЕДАКЦИЯ на ЗАПИСА
Създаване/Редакция Редакция
Дата на регистрацията/редакция 29.08.2017
Служител, извършил регистрацията/редакцията Виолета_Тройчева
999 ## - СИСТЕМНИ КОНТРОЛНИ НОМЕРА
Koha biblioitemnumber 176780
Наличности
Код за отписване Код за изгубен артикул Код за повреда Коз за рестрикции Код за отдаване Артикулен № Име на библиотеката - собственик Име на библиотеката, в която се намира в момента Статус (Текущо местоположение) Дата на вписване в системата Местоположение - отдел Цена в лева Инвентарен номер Систематично азбучна сигнатура Баркод Номер на екземпляра Цена в евро Служебна бележка Служебен тип на артикула Източник на класификационната схема
  Не е изгубен Не е повреден без рестрикции ползва се в читалня 304019 Регионална библиотека "Любен Каравелов" Русе Регионална библиотека "Любен Каравелов" Русе Хранилище 2015-12-09 Хранилище 12.00 120000795502 Цб 278544 120000795502 1 6.14 Дост: Dp Вид: Д N: 47 Дата: 02.11.2015 Книги  
  Не е изгубен Не е повреден без рестрикции заемане за дома 799583 Регионална библиотека "Любен Каравелов" Русе Регионална библиотека "Любен Каравелов" Русе Заемна - подръчен фонд 2020-09-17 Заемна - подръчен фонд 9.00   37.018/Ю 20 Й 120000847024   4.60   Книги Universal Decimal Classification
Vip Innovations Ltd, Rousse, Bulgaria 2025